| 000 | 00493nam a2200181 a 4500 | ||
|---|---|---|---|
| 005 | 20140310183343.0 | ||
| 008 | 070110s19uu xx 00 eng d | ||
| 020 | _a9812654763 | ||
| 050 |
_aQP 360 _b.K33 2005 |
||
| 100 | _aKalat, James W. | ||
| 245 |
_aBiological Psychology. / _bJames W> Kalat |
||
| 260 |
_aSingapore : _bThomson Learning Asia, _c2005. |
||
| 300 |
_a607 p. : _bill. ; _c25 cm. |
||
| 521 | _aPSYCH | ||
| 650 | _aPsychobiology. | ||
| 942 |
_cBK _2lcc _kFOR |
||
| 999 |
_c21880 _d21880 |
||